Cuerpos y almas /

Сохранить в:
Библиографические подробности
Главный автор: Meersch, Maxence van der (autor)
Формат:
Язык:испанский
Опубликовано: México : Porrúa, 1998, c1998
Серии:(Sepan Cuántos ; 694)
Предметы:
Метки: Добавить метку
Нет меток, Требуется 1-ая метка записи!

MARC

LEADER 00000nam^a2200000^a^4500
001 000302165
005 20250521000000.0
009 20260310112605.908
020 |a 970-07-1034-3 
037 |a Acervo ITESO - Biblioteca 
041 |a ESP 
082 |a 082.  |b POR V. 694 
100 |a Meersch, Maxence van der  |e (autor) 
240 1 1 |a [Cuerpos y almas] 
245 1 0 |a Cuerpos y almas /  |c M. van der Meersch. 
264 4 |a México :  |b Porrúa,  |c 1998, c1998 
300 |a 500 p. 
336 |a texto  |b txt  |2 rdacontenido 
337 |a sin mediación  |b n  |2 rdamedio 
338 |a volumen  |b nc  |2 rdasoporte 
440 1 |a (Sepan Cuántos ;  |v 694) 
500 |a Traducción de: Corps et âmes 
649 |a XX 
650 |a Médicos en la Literatura 
650 |a Etica Médica en la Literatura 
650 |a Novela Francesa 
650 |a Literatura Francesa -  |y Siglo XX 
910 |a Fondo General 
920 |a Impresos - Libros 
930 |a Colección General 
940 |a Literatura 
905 |a 101 
901 |a 0500188343  |b IT1  |c LIT  |i C120595  |u 20250521 
902 |a https://opac.biblio.iteso.mx/vufind/Record/000302165